000 00504nam a2200229Ia 4500
003 0100
008 130307s9999 xx 000 0 und d
020 _a071260720X
040 _cARRUPELIB
050 _aBR145.2M69 2002
100 _aMoynahan, Brian
245 4 _aThe faith
245 _ba history of christianity
260 _aLondon
260 _bPimlico
260 _c2003
300 _a806p.
300 _b24cm
650 _aCHRISTIANITY
650 _btheology, doctrinal
942 0 0 _02
999 _c96128
_d96128